000 00276nam a2200133Ia 4500
100 _aAhmed/ A.S./ Nielsen/ J.H.
942 _cBK
654 _aTool
245 _aTool engineering
260 _bAstme
_aMichigan
_c1968
082 _a658.5
300 _a104
546 _aENGLISH
999 _c29593
_d29593